National Water Supply and Sanitation Council (NWASCO): 10 years of regulating (Record no. 78725)

MARC details
000 -LEADER
fixed length control field 01230nam a2200193 a 4500
008 - FIXED-LENGTH DATA ELEMENTS--GENERAL INFORMATION
fixed length control field 101201s2009 ||||||||||||||||| || u
050 ## - LIBRARY OF CONGRESS CALL NUMBER
Classification number NWASCO(02)
110 ## - MAIN ENTRY--CORPORATE NAME
Corporate name or jurisdiction name as entry element National Water Supply and Sanitation Council (NWASCO)
245 10 - TITLE STATEMENT
Title National Water Supply and Sanitation Council (NWASCO): 10 years of regulating
260 ## - PUBLICATION, DISTRIBUTION, ETC.
Place of publication, distribution, etc. Lusaka
Name of publisher, distributor, etc. National Water Supply and Sanitation Council (NWASCO)
Date of publication, distribution, etc. 2009
300 ## - PHYSICAL DESCRIPTION
Extent 66p.: ill.
350 ## -
-- 0.00
650 ## - SUBJECT ADDED ENTRY--TOPICAL TERM
Topical term or geographic name entry element NATIONAL WATER SUPPLY AND SANITATION COUNCIL (NWASCO)--ZAMBIA
650 ## - SUBJECT ADDED ENTRY--TOPICAL TERM
Topical term or geographic name entry element WATER-SUPPLY--ZAMBIA
995 ## -
-- SPECIAL COLLECTIONS
-- 0.00
-- 03007442
-- CBU-MAIN LIBRARY (Kitwe)
-- 1
-- 0.00
-- NWASCO(02)2009/1D
-- 4
-- AVAILABLE
-- Dec 3, 2010
-- 03007442
-- International Publications
995 ## -
-- SPECIAL COLLECTIONS
-- 0.00
-- 03007440
-- CBU-MAIN LIBRARY (Kitwe)
-- 1
-- 0.00
-- NWASCO(02)2009/1B
-- 2
-- AVAILABLE
-- Dec 3, 2010
-- 03007440
-- International Publications
995 ## -
-- SPECIAL COLLECTIONS
-- 0.00
-- 03007439
-- CBU-MAIN LIBRARY (Kitwe)
-- 1
-- 0.00
-- NWASCO(02)2009/1A
-- 1
-- AVAILABLE
-- Dec 3, 2010
-- 03007439
-- International Publications
995 ## -
-- SPECIAL COLLECTIONS
-- 0.00
-- 03007441
-- CBU-MAIN LIBRARY (Kitwe)
-- 1
-- 0.00
-- NWASCO(02)2009/1C
-- 3
-- AVAILABLE
-- Dec 3, 2010
-- 03007441
-- International Publications
999 ## -
-- 78725
-- 78725
Holdings
Withdrawn status Lost status Source of classification or shelving scheme Damaged status Not for loan Permanent Location Current Location Shelving location Date acquired Total Checkouts Full call number Barcode Date last seen Copy number Price effective from Koha item type
          CBU-MAIN LIBRARY, KITWE. CBU-MAIN LIBRARY, KITWE.   06/06/2023   NWASCO(02)2009/1D 03007442 06/06/2023 1 06/06/2023 SPECIAL COLLECTION
          CBU-MAIN LIBRARY, KITWE. CBU-MAIN LIBRARY, KITWE.   06/06/2023   NWASCO(02)2009/1B 03007440 06/06/2023 2 06/06/2023 SPECIAL COLLECTION
          CBU-MAIN LIBRARY, KITWE. CBU-MAIN LIBRARY, KITWE.   06/06/2023   NWASCO(02)2009/1A 03007439 06/06/2023 3 06/06/2023 SPECIAL COLLECTION
          CBU-MAIN LIBRARY, KITWE. CBU-MAIN LIBRARY, KITWE.   06/06/2023   NWASCO(02)2009/1C 03007441 06/06/2023 4 06/06/2023 SPECIAL COLLECTION